000
00285nam a22001217a 4500
005
20230722114717.0
008
230722b ||||| |||| 00| 0 eng d
040
_c
AL
041
_a
eng
245
_a
Study on effectiveness of training programmes
260
_c
2003
942
_2
ddc
_c
BK
999
_c
228082
_d
228082